000 00514nam a22001697a 4500
005 20251108165903.0
008 250721s1997 xx 000 0 ara d
082 1 4 _aم/ط/031.02/موس
100 1 _aصقر، جوزف
_eكاتب حوار
245 1 0 _aموسوعة ألفا :
_bأسئلة و أجوبة /
264 1 _aنيويورك :
_bاديتو كريبس،
_c1997.
300 _a10مج
650 1 7 _aالموسوعات
650 1 7 _aالأسئلة و الأجوبة
942 _2ddc
_cBK
999 _c33927
_d33927